000 00614nam a2200193 4500
001 126069
003 ES-MaACL
005 20230906192741.0
007 t|
008 070214s1974 sp r ||||1| spa d
100 1 _aReina, Víctor.
_996032
245 1 3 _aEl consentimiento matrimonial
_b: sus anomalías y vicios como causas de nulidad /
_cVíctor Reina.
260 _aBarcelona [etc.] :
_bAriel,
_c1974.
300 _a227 p. ;
_c21 cm.
490 1 _aBiblioteca de ciencia jurídica
830 0 _aBiblioteca de ciencia jurídica
_9184039
852 _aES-MaACL
_jC-56612
_bR.89393
999 _c126069
_d126069